000 00599nam a2200193 a 4500
001 13461
003 CO-ViMGA
008 141112s2004 ck r 000 u spa d
020 _a8448010922
040 _aCO-ViMGA
_bspa
_cCO-ViMGA
082 0 4 _a745.5 W454f
100 1 _aWilkes, Ángela
_912081
245 1 0 _aEl fantastico libro para las vacaciones :
_bmas de 50 proyectos paso a paso.Crear.Coleccionar.Cultivar.Pintar y Coser.
260 _aBarcelona :
_bCeac,
_c1999
300 _a48p
650 1 4 _aNIÑOS - RECREACION
_919614
650 1 4 _aTRABAJOS MANUALES(educación)
_919615
942 _2ddc
_cBK
999 _c24190
_d24190